[Event "GER-chW Blitz 2019"]
[Site "Magdeburg"]
[Date "2019.05.25"]
[Round "13.8"]
[White "Braje, Monika"]
[Black "Osmanodja, Filiz"]
[Result "0-1"]
[WhiteElo "1781"]
[BlackElo "2260"]
[Annotator "NA"]
[PlyCount "136"]
[EventDate "2019.05.25"]
[EventType "tourn"]
[EventCountry "GER"]
[SourceTitle "playchess.com"]
[Source "ChessBase"]
[SourceQuality "1"]
[TimeControl "180+2"]

1. e4 {[%emt 0:00:00]} c5 {[%emt 0:00:00]} 2. d4 {[%emt 0:00:00]} cxd4 {[%emt 0:00:04]} 3. c3 {[%emt 0:00:01]} dxc3 {[%emt 0:00:01]} 4. Nxc3 {[%emt 0:00:01]} Nc6 {[%emt 0:00:01]} 5. Nf3 {[%emt 0:00:02]} e6 {[%emt 0:00:01]} 6. Bc4 {[%emt 0:00:01]} a6 {[%emt 0:00:00]} 7. O-O {[%emt 0:00:02]} Nge7 {[%emt 0:00:01]} 8. a3 {[%emt 0:00:02]} Ng6 {[%emt 0:00:01]} 9. Bg5 {[%emt 0:00:05]} Be7 {[%emt 0:00:12]} 10. Be3 {[%emt 0:00:01]} O-O {[%emt 0:00:09]} 11. Qe2 {[%emt 0:00:01]} b5 {[%emt 0:00:09]} 12. Ba2 {[%emt 0:00:02]} Bb7 {[%emt 0:00:04]} 13. Rfd1 {[%emt 0:00:02]} Qc7 {[%emt 0:00:04]} 14. Rac1 {[%emt 0:00:03]} Nf4 {[%emt 0:00:06]} 15. Qd2 {[%emt 0:00:16]} Ng6 {[%emt 0:00:39]} 16. Qxd7 {[%emt 0:00:08]} Rac8 {[%emt 0:00:11]} 17. Qxc7 {[%emt 0:00:06]} Rxc7 {[%emt 0:00:01]} 18. Bb6 {[%emt 0:00:05]} Rcc8 {[%emt 0:00:06]} 19. Be3 {[%emt 0:00:16]} b4 {[%emt 0:00:21]} 20. axb4 {[%emt 0:00:05]} Nxb4 {[%emt 0:00:06]} 21. Bb1 {[%emt 0:00:02]} Rfd8 {[%emt 0:00:06]} 22. Bb6 {[%emt 0:00:12]} Rxd1+ {[%emt 0:00:20]} 23. Rxd1 {[%emt 0:00:00]} Bc6 {[%emt 0:00:08]} 24. Ba5 {[%emt 0:00:09]} Nf4 {[%emt 0:00:14]} 25. g3 {[%emt 0:00:09]} Ng6 {[%emt 0:00:12]} 26. Nd4 {[%emt 0:00:11]} Be8 {[%emt 0:00:03]} 27. Kf1 {[%emt 0:00:12]} Nc6 {[%emt 0:00:10]} 28. Nxc6 {[%emt 0:00:03]} Bxc6 {[%emt 0:00:01]} 29. Ke2 {[%emt 0:00:06]} Ne5 {[%emt 0:00:04]} 30. b3 {[%emt 0:00:14]} f6 {[%emt 0:00:04]} 31. f4 {[%emt 0:00:12]} Nf7 {[%emt 0:00:09]} 32. Bd3 {[%emt 0:00:06]} Bb7 {[%emt 0:00:01]} 33. Bc4 {[%emt 0:00:03]} Rc6 {[%emt 0:00:06]} 34. Rd7 {[%emt 0:00:04]} Nd6 {[%emt 0:00:06]} 35. Bxe6+ {[%emt 0:00:04]} Kf8 {[%emt 0:00:01]} 36. Rxb7 {[%emt 0:00:05]} Nxb7 {[%emt 0:00:01]} 37. Bd5 {[%emt 0:00:03]} Rc5 {[%emt 0:00:04]} 38. Bb4 {[%emt 0:00:06]} Rc7 {[%emt 0:00:01]} 39. Bxe7+ {[%emt 0:00:05]} Kxe7 {[%emt 0:00:02]} 40. Bc4 {[%emt 0:00:03]} Rd7 {[%emt 0:00:04]} 41. Bxa6 {[%emt 0:00:03]} Nc5 {[%emt 0:00:01]} 42. Bc4 {[%emt 0:00:02]} Kd8 {[%emt 0:00:02]} 43. Nd5 {[%emt 0:00:01]} Rb7 {[%emt 0:00:02]} 44. b4 {[%emt 0:00:07]} Nxe4 {[%emt 0:00:01]} 45. Ke3 {[%emt 0:00:03]} Nd6 {[%emt 0:00:01]} 46. Be2 {[%emt 0:00:06]} Nf5+ {[%emt 0:00:02]} 47. Ke4 {[%emt 0:00:03]} Ne7 {[%emt 0:00:01]} 48. Nxe7 {[%emt 0:00:04]} Rxb4+ {[%emt 0:00:02]} 49. Kd3 {[%emt 0:00:07]} Kxe7 50. Kc3 {[%emt 0:00:02]} Re4 {[%emt 0:00:05]} 51. Bg4 {[%emt 0:00:03]} Re1 {[%emt 0:00:03]} 52. Kd4 {[%emt 0:00:02]} Rh1 {[%emt 0:00:01]} 53. h3 {[%emt 0:00:01]} g6 {[%emt 0:00:01]} 54. Ke3 {[%emt 0:00:01]} f5 {[%emt 0:00:02]} 55. Bf3 {[%emt 0:00:02]} Rxh3 {[%emt 0:00:03]} 56. Kf2 {[%emt 0:00:02]} Kf6 {[%emt 0:00:03]} 57. Kg2 {[%emt 0:00:02]} Rh6 {[%emt 0:00:01]} 58. Be2 {[%emt 0:00:01]} g5 {[%emt 0:00:02]} 59. Bf3 {[%emt 0:00:03]} gxf4 {[%emt 0:00:03]} 60. gxf4 {[%emt 0:00:00]} Kg7 {[%emt 0:00:01]} 61. Kg3 {[%emt 0:00:02]} Rb6 {[%emt 0:00:02]} 62. Bd1 {[%emt 0:00:02]} Rb1 {[%emt 0:00:01]} 63. Bc2 {[%emt 0:00:01]} Rb5 {[%emt 0:00:02]} 64. Kf3 {[%emt 0:00:02]} Kf6 {[%emt 0:00:01]} 65. Kg3 {[%emt 0:00:01]} Rc5 {[%emt 0:00:01]} 66. Bd3 {[%emt 0:00:02]} Rc3 {[%emt 0:00:01]} 67. Kh4 {[%emt 0:00:02]} Rxd3 {[%emt 0:00:02]} 68. Kh5 {[%emt 0:00:02]} Rh3# {[%emt 0:00:02]} 0-1

[Event "GER-chW Blitz 2019"]
[Site "Magdeburg"]
[Date "2019.05.25"]
[Round "13.9"]
[White "Mader, Lena"]
[Black "Sieber, Fiona"]
[Result "1/2-1/2"]
[WhiteElo "1839"]
[BlackElo "2250"]
[Annotator "NA"]
[PlyCount "55"]
[EventDate "2019.05.25"]
[EventType "tourn"]
[EventCountry "GER"]
[SourceTitle "playchess.com"]
[Source "ChessBase"]
[SourceQuality "1"]
[TimeControl "180+2"]

1. c4 {[%emt 0:00:00]} e5 {[%emt 0:00:00]} 2. Nc3 {[%emt 0:00:00]} Nf6 {[%emt 0:00:03]} 3. Nf3 {[%emt 0:00:00]} Nc6 {[%emt 0:00:02]} 4. d4 {[%emt 0:00:01]} e4 {[%emt 0:00:06]} 5. Nd2 {[%emt 0:00:02]} Nxd4 {[%emt 0:00:24]} 6. Ndxe4 {[%emt 0:00:13]} c5 {[%emt 0:00:23]} 7. e3 {[%emt 0:00:21]} Nxe4 {[%emt 0:00:27]} 8. Nxe4 {[%emt 0:00:05]} Nc6 {[%emt 0:00:30]} 9. Nd6+ {[%emt 0:00:49]} Bxd6 {[%emt 0:00:01]} 10. Qxd6 {[%emt 0:00:01]} Qe7 {[%emt 0:00:01]} 11. Qg3 {[%emt 0:00:13]} O-O {[%emt 0:00:04]} 12. Be2 {[%emt 0:00:02]} d5 {[%emt 0:00:13]} 13. cxd5 {[%emt 0:00:23]} Nb4 {[%emt 0:00:01]} 14. O-O {[%emt 0:00:18]} Nxd5 {[%emt 0:00:01]} 15. e4 {[%emt 0:00:24]} Qxe4 {[%emt 0:00:11]} 16. Bf3 {[%emt 0:00:04]} Qf5 {[%emt 0:00:04]} 17. Bh6 {[%emt 0:00:06]} Qg6 {[%emt 0:00:26]} 18. Bxg7 {[%emt 0:00:09]} Kxg7 {[%emt 0:00:21]} 19. Bxd5 {[%emt 0:00:09]} Qxg3 {[%emt 0:00:02]} 20. fxg3 {[%emt 0:00:04]} Rb8 {[%emt 0:00:03]} 21. Rae1 {[%emt 0:00:05]} b6 {[%emt 0:00:06]} 22. Re7 {[%emt 0:00:02]} Ba6 {[%emt 0:00:04]} 23. Rf2 {[%emt 0:00:02]} Kg6 {[%emt 0:00:04]} 24. Bxf7+ {[%emt 0:00:06]} Kg5 {[%emt 0:00:06]} 25. Re5+ {[%emt 0:00:05]} Kh6 {[%emt 0:00:02]} 26. Re6+ {[%emt 0:00:04]} Kg7 {[%emt 0:00:01]} 27. Re7 {[%emt 0:00:01]} Kh6 {[%emt 0:00:03]} 28. Re6+ {[%emt 0:00:01]} 1/2-1/2

[Event "GER-chW Blitz 2019"]
[Site "Magdeburg"]
[Date "2019.05.25"]
[Round "13.10"]
[White "Zimmer, Elke"]
[Black "Daemering, Katrin"]
[Result "0-1"]
[WhiteElo "1926"]
[BlackElo "2003"]
[Annotator "NA"]
[PlyCount "80"]
[EventDate "2019.05.25"]
[EventType "tourn"]
[EventCountry "GER"]
[SourceTitle "playchess.com"]
[Source "ChessBase"]
[SourceQuality "1"]
[TimeControl "180+2"]

1. e4 {[%emt 0:00:00]} c5 {[%emt 0:00:00]} 2. Nc3 {[%emt 0:00:00]} Nc6 {[%emt 0:00:01]} 3. g3 {[%emt 0:00:00]} g6 {[%emt 0:00:02]} 4. Bg2 {[%emt 0:00:01]} Bg7 {[%emt 0:00:01]} 5. d3 {[%emt 0:00:01]} e6 {[%emt 0:00:01]} 6. Be3 {[%emt 0:00:03]} Nd4 {[%emt 0:00:02]} 7. Qd2 {[%emt 0:00:10]} d6 {[%emt 0:00:07]} 8. Nd1 {[%emt 0:00:05]} a6 {[%emt 0:00:11]} 9. c3 {[%emt 0:00:01]} Nc6 {[%emt 0:00:01]} 10. Nf3 {[%emt 0:00:05]} Bd7 {[%emt 0:00:09]} 11. O-O {[%emt 0:00:04]} Nf6 {[%emt 0:00:13]} 12. Bh6 {[%emt 0:00:03]} O-O {[%emt 0:00:06]} 13. Bxg7 {[%emt 0:00:02]} Kxg7 {[%emt 0:00:01]} 14. Ne3 {[%emt 0:00:04]} b5 {[%emt 0:00:08]} 15. h3 {[%emt 0:00:10]} Rc8 {[%emt 0:00:18]} 16. Ng4 {[%emt 0:00:03]} Nxg4 17. hxg4 {[%emt 0:00:01]} h6 {[%emt 0:00:14]} 18. Rae1 {[%emt 0:00:07]} Qc7 {[%emt 0:00:21]} 19. Qe3 {[%emt 0:00:06]} Ne7 {[%emt 0:00:05]} 20. d4 {[%emt 0:00:07]} cxd4 {[%emt 0:00:12]} 21. cxd4 {[%emt 0:00:01]} Qb6 {[%emt 0:00:08]} 22. Re2 {[%emt 0:00:08]} Rc4 {[%emt 0:00:11]} 23. Rd1 {[%emt 0:00:05]} Rfc8 {[%emt 0:00:02]} 24. Red2 {[%emt 0:00:05]} Rc2 {[%emt 0:00:04]} 25. e5 {[%emt 0:00:07]} dxe5 {[%emt 0:00:12]} 26. Qxe5+ {[%emt 0:00:03]} f6 {[%emt 0:00:06]} 27. Qe2 {[%emt 0:00:08]} Rxd2 {[%emt 0:00:08]} 28. Qxd2 {[%emt 0:00:01]} Nd5 {[%emt 0:00:03]} 29. Nh4 {[%emt 0:00:05]} Qd6 {[%emt 0:00:13]} 30. Qd3 {[%emt 0:00:11]} Be8 {[%emt 0:00:02]} 31. Be4 {[%emt 0:00:09]} Nb4 {[%emt 0:00:02]} 32. Qb1 {[%emt 0:00:05]} f5 {[%emt 0:00:05]} 33. gxf5 {[%emt 0:00:02]} exf5 {[%emt 0:00:01]} 34. Bxf5 {[%emt 0:00:06]} Rc4 {[%emt 0:00:10]} 35. Bxg6 {[%emt 0:00:18]} Bxg6 {[%emt 0:00:02]} 36. Nxg6 {[%emt 0:00:10]} Qxg6 {[%emt 0:00:02]} 37. Qxg6+ {[%emt 0:00:04]} Kxg6 {[%emt 0:00:01]} 38. a3 {[%emt 0:00:01]} Nd5 {[%emt 0:00:01]} 39. Kg2 {[%emt 0:00:06]} Rc2 {[%emt 0:00:02]} 40. b4 {[%emt 0:00:03]} Ne3+ {[%emt 0:00:01]} 0-1

[Event "GER-chW Blitz 2019"]
[Site "Magdeburg"]
[Date "2019.05.25"]
[Round "13.11"]
[White "Kopylov, Luba"]
[Black "Kreismann, Franziska"]
[Result "1-0"]
[WhiteElo "2078"]
[BlackElo "1589"]
[Annotator "NA"]
[PlyCount "61"]
[EventDate "2019.05.25"]
[EventType "tourn"]
[EventCountry "GER"]
[SourceTitle "playchess.com"]
[Source "ChessBase"]
[SourceQuality "1"]
[TimeControl "180+2"]

1. d4 {[%emt 0:00:00]} g6 {[%emt 0:00:00]} 2. c4 {[%emt 0:00:02]} Bg7 {[%emt 0:00:00]} 3. e4 {[%emt 0:00:03]} d6 {[%emt 0:00:00]} 4. Nc3 {[%emt 0:00:03]} Nf6 {[%emt 0:00:01]} 5. f3 {[%emt 0:00:01]} O-O {[%emt 0:00:02]} 6. Be3 {[%emt 0:00:01]} Re8 {[%emt 0:00:01]} 7. Qd2 {[%emt 0:00:02]} e5 {[%emt 0:00:01]} 8. Nge2 {[%emt 0:00:03]} exd4 {[%emt 0:00:00]} 9. Nxd4 {[%emt 0:00:02]} Bd7 {[%emt 0:00:04]} 10. g4 {[%emt 0:00:06]} Nc6 {[%emt 0:00:09]} 11. h4 {[%emt 0:00:07]} Nxd4 {[%emt 0:00:04]} 12. Bxd4 {[%emt 0:00:01]} c5 {[%emt 0:00:01]} 13. Be3 {[%emt 0:00:07]} Bc6 {[%emt 0:00:03]} 14. h5 {[%emt 0:00:09]} Qc7 {[%emt 0:00:23]} 15. O-O-O {[%emt 0:00:10]} Rad8 {[%emt 0:00:05]} 16. Bh6 {[%emt 0:00:10]} Nd7 {[%emt 0:00:17]} 17. Bxg7 {[%emt 0:00:07]} Kxg7 {[%emt 0:00:01]} 18. hxg6 {[%emt 0:00:02]} fxg6 {[%emt 0:00:03]} 19. Qh6+ {[%emt 0:00:05]} Kf6 {[%emt 0:00:08]} 20. g5+ {[%emt 0:00:09]} Ke5 {[%emt 0:00:20]} 21. Ne2 {[%emt 0:00:33]} Nf8 {[%emt 0:00:08]} 22. Qh2+ {[%emt 0:00:08]} Ke6 {[%emt 0:00:04]} 23. Nf4+ {[%emt 0:00:13]} Ke7 {[%emt 0:00:02]} 24. Qh6 {[%emt 0:00:12]} Rd7 {[%emt 0:00:16]} 25. Bh3 {[%emt 0:00:06]} Kd8 {[%emt 0:00:07]} 26. Bxd7 {[%emt 0:00:10]} Qxd7 {[%emt 0:00:02]} 27. Nd5 {[%emt 0:00:14]} Qf7 {[%emt 0:00:12]} 28. Qh2 {[%emt 0:00:07]} Nd7 {[%emt 0:00:13]} 29. Qxd6 {[%emt 0:00:04]} Bxd5 {[%emt 0:00:04]} 30. Rxd5 {[%emt 0:00:06]} Re7 {[%emt 0:00:01]} 31. Qb8# {[%emt 0:00:05]} 1-0

[Event "GER-chW Blitz 2019"]
[Site "Magdeburg"]
[Date "2019.05.25"]
[Round "13.12"]
[White "Gheng, Simona"]
[Black "Kunze, Kerstin"]
[Result "1-0"]
[WhiteElo "1991"]
[BlackElo "2066"]
[Annotator "NA"]
[PlyCount "107"]
[EventDate "2019.05.25"]
[EventType "tourn"]
[EventCountry "GER"]
[SourceTitle "playchess.com"]
[Source "ChessBase"]
[SourceQuality "1"]
[TimeControl "180+2"]

1. e4 {[%emt 0:00:00]} e5 {[%emt 0:00:00]} 2. Nf3 {[%emt 0:00:02]} Nc6 {[%emt 0:00:01]} 3. Bb5 {[%emt 0:00:01]} a6 {[%emt 0:00:01]} 4. Ba4 {[%emt 0:00:00]} Nf6 {[%emt 0:00:04]} 5. d3 {[%emt 0:00:00]} b5 6. Bb3 Be7 {[%emt 0:00:04]} 7. O-O {[%emt 0:00:02]} O-O {[%emt 0:00:02]} 8. c3 {[%emt 0:00:01]} d6 {[%emt 0:00:09]} 9. Nbd2 {[%emt 0:00:03]} Na5 {[%emt 0:00:15]} 10. Bc2 c5 {[%emt 0:00:00]} 11. Re1 {[%emt 0:00:02]} g6 {[%emt 0:00:16]} 12. Nf1 {[%emt 0:00:01]} Nh5 {[%emt 0:00:02]} 13. Bh6 {[%emt 0:00:17]} Re8 {[%emt 0:00:05]} 14. Qd2 {[%emt 0:00:01]} Bg4 {[%emt 0:00:17]} 15. Qe3 {[%emt 0:00:20]} Bxf3 {[%emt 0:00:10]} 16. Qxf3 {[%emt 0:00:01]} Bg5 {[%emt 0:00:01]} 17. Bxg5 {[%emt 0:00:05]} Qxg5 {[%emt 0:00:01]} 18. g3 {[%emt 0:00:30]} Nf6 {[%emt 0:00:25]} 19. h4 {[%emt 0:00:08]} Qg4 {[%emt 0:00:17]} 20. Bd1 {[%emt 0:00:21]} Qxf3 {[%emt 0:00:03]} 21. Bxf3 {[%emt 0:00:01]} Rab8 {[%emt 0:00:09]} 22. Rac1 {[%emt 0:00:11]} b4 {[%emt 0:00:03]} 23. cxb4 {[%emt 0:00:13]} Rxb4 {[%emt 0:00:01]} 24. b3 {[%emt 0:00:00]} Nc6 {[%emt 0:00:04]} 25. Ne3 {[%emt 0:00:08]} Nd4 {[%emt 0:00:01]} 26. Kg2 {[%emt 0:00:09]} h5 {[%emt 0:00:17]} 27. Nc2 {[%emt 0:00:02]} Nxc2 {[%emt 0:00:05]} 28. Rxc2 {[%emt 0:00:01]} Rd4 {[%emt 0:00:01]} 29. Be2 {[%emt 0:00:04]} a5 {[%emt 0:00:08]} 30. f4 {[%emt 0:00:17]} Ra8 {[%emt 0:00:07]} 31. Rb1 {[%emt 0:00:14]} exf4 {[%emt 0:00:03]} 32. gxf4 {[%emt 0:00:02]} Nd7 {[%emt 0:00:07]} 33. Rc4 {[%emt 0:00:06]} Rxc4 {[%emt 0:00:03]} 34. bxc4 {[%emt 0:00:07]} Rb8 {[%emt 0:00:01]} 35. Rb5 {[%emt 0:00:06]} Rxb5 {[%emt 0:00:09]} 36. cxb5 {[%emt 0:00:01]} Kg7 {[%emt 0:00:05]} 37. Kf3 {[%emt 0:00:11]} Kf6 {[%emt 0:00:01]} 38. Ke3 {[%emt 0:00:01]} Ke6 {[%emt 0:00:07]} 39. f5+ {[%emt 0:00:05]} gxf5 {[%emt 0:00:03]} 40. Bxh5 {[%emt 0:00:01]} fxe4 {[%emt 0:00:02]} 41. dxe4 {[%emt 0:00:03]} f5 {[%emt 0:00:03]} 42. exf5+ {[%emt 0:00:04]} Kxf5 {[%emt 0:00:01]} 43. Be8 {[%emt 0:00:03]} Nb6 {[%emt 0:00:01]} 44. h5 {[%emt 0:00:02]} Kg5 {[%emt 0:00:04]} 45. Bf7 {[%emt 0:00:14]} d5 {[%emt 0:00:02]} 46. Kd3 {[%emt 0:00:05]} Kf6 {[%emt 0:00:05]} 47. Bg8 Nd7 48. Bxd5 Kg5 49. Bc6 Ne5+ 50. Ke4 Nf7 51. b6 Nd6+ 52. Kd5 Nc8 53. b7 Ne7+ 54. Kd6 1-0

[Event "GER-chW Blitz 2019"]
[Site "Magdeburg"]
[Date "2019.05.25"]
[Round "14.1"]
[White "Roesler, Hannah Clara Hed"]
[Black "Kunze, Kerstin"]
[Result "1-0"]
[WhiteElo "1619"]
[BlackElo "2066"]
[Annotator "NA"]
[PlyCount "122"]
[EventDate "2019.05.25"]
[EventType "tourn"]
[EventCountry "GER"]
[SourceTitle "playchess.com"]
[Source "ChessBase"]
[SourceQuality "1"]
[TimeControl "180+2"]

1. e4 {[%emt 0:00:00]} e5 {[%emt 0:00:00]} 2. Nf3 {[%emt 0:00:01]} Nc6 {[%emt 0:00:01]} 3. Bc4 {[%emt 0:00:00]} Nf6 {[%emt 0:00:02]} 4. d4 {[%emt 0:00:01]} Nxe4 {[%emt 0:00:37]} 5. dxe5 {[%emt 0:00:12]} Bc5 {[%emt 0:00:35]} 6. Bxf7+ {[%emt 0:00:24]} Kxf7 {[%emt 0:00:06]} 7. Qd5+ {[%emt 0:00:01]} Ke8 {[%emt 0:00:15]} 8. Qxe4 {[%emt 0:00:04]} Qe7 {[%emt 0:00:03]} 9. Bg5 {[%emt 0:00:22]} Qf7 {[%emt 0:00:03]} 10. O-O {[%emt 0:00:36]} h6 {[%emt 0:00:08]} 11. Bh4 {[%emt 0:00:14]} Rf8 {[%emt 0:00:08]} 12. Nc3 {[%emt 0:00:13]} Qf5 {[%emt 0:00:13]} 13. Qd5 {[%emt 0:00:21]} Bb6 {[%emt 0:00:02]} 14. Rae1 {[%emt 0:00:14]} Qe6 {[%emt 0:00:01]} 15. Qxe6+ {[%emt 0:00:11]} dxe6 {[%emt 0:00:01]} 16. Rd1 {[%emt 0:00:06]} g5 {[%emt 0:00:11]} 17. Bg3 {[%emt 0:00:02]} Ke7 {[%emt 0:00:01]} 18. h4 {[%emt 0:00:04]} g4 {[%emt 0:00:03]} 19. Nd2 {[%emt 0:00:07]} Nd4 {[%emt 0:00:10]} 20. Nc4 {[%emt 0:00:06]} Nxc2 {[%emt 0:00:08]} 21. Nxb6 {[%emt 0:00:04]} axb6 {[%emt 0:00:01]} 22. Rd2 {[%emt 0:00:04]} Nb4 {[%emt 0:00:03]} 23. Rfd1 {[%emt 0:00:04]} Nxa2 {[%emt 0:00:08]} 24. Ra1 {[%emt 0:00:02]} Nxc3 {[%emt 0:00:04]} 25. Rxa8 {[%emt 0:00:01]} Ne4 {[%emt 0:00:02]} 26. Re2 {[%emt 0:00:02]} Nc5 {[%emt 0:00:01]} 27. Ra1 {[%emt 0:00:03]} Rd8 {[%emt 0:00:03]} 28. Bf4 {[%emt 0:00:02]} h5 {[%emt 0:00:01]} 29. Bg5+ {[%emt 0:00:01]} Ke8 {[%emt 0:00:02]} 30. Bxd8 {[%emt 0:00:02]} Kxd8 {[%emt 0:00:00]} 31. Rd1+ {[%emt 0:00:03]} Ke7 {[%emt 0:00:01]} 32. Red2 {[%emt 0:00:03]} b5 {[%emt 0:00:02]} 33. Rd8 {[%emt 0:00:03]} Bd7 {[%emt 0:00:00]} 34. Rh8 {[%emt 0:00:04]} Be8 {[%emt 0:00:02]} 35. Rh7+ {[%emt 0:00:02]} Bf7 {[%emt 0:00:00]} 36. Rc1 {[%emt 0:00:04]} b6 37. b4 {[%emt 0:00:01]} Na6 {[%emt 0:00:04]} 38. Rc6 {[%emt 0:00:03]} Kd7 {[%emt 0:00:04]} 39. Rc1 {[%emt 0:00:03]} Ke7 {[%emt 0:00:01]} 40. Rd1 {[%emt 0:00:01]} Nxb4 {[%emt 0:00:02]} 41. Rb1 {[%emt 0:00:02]} c5 {[%emt 0:00:02]} 42. Kf1 {[%emt 0:00:03]} c4 {[%emt 0:00:00]} 43. Ke2 Nd5 {[%emt 0:00:09]} 44. Rxb5 {[%emt 0:00:04]} c3 {[%emt 0:00:02]} 45. Rxd5 {[%emt 0:00:03]} exd5 {[%emt 0:00:01]} 46. Kd3 {[%emt 0:00:01]} d4 {[%emt 0:00:02]} 47. Rh6 {[%emt 0:00:02]} Be6 {[%emt 0:00:02]} 48. Rxh5 {[%emt 0:00:02]} b5 {[%emt 0:00:02]} 49. Rh7+ {[%emt 0:00:01]} Bf7 {[%emt 0:00:01]} 50. Rh6 {[%emt 0:00:02]} b4 {[%emt 0:00:00]} 51. Rb6 {[%emt 0:00:02]} b3 {[%emt 0:00:01]} 52. e6 {[%emt 0:00:04]} Bxe6 {[%emt 0:00:02]} 53. h5 {[%emt 0:00:02]} Bf5+ {[%emt 0:00:01]} 54. Ke2 b2 55. Kd1 {[%emt 0:00:04]} b1=Q+ {[%emt 0:00:02]} 56. Rxb1 {[%emt 0:00:01]} Bxb1 {[%emt 0:00:01]} 57. Ke2 {[%emt 0:00:04]} d3+ {[%emt 0:00:02]} 58. Kd1 {[%emt 0:00:01]} Ba2 {[%emt 0:00:03]} 59. Kc1 {[%emt 0:00:02]} Bb3 {[%emt 0:00:01]} 60. f3 {[%emt 0:00:02]} d2+ {[%emt 0:00:01]} 61. Kb1 {[%emt 0:00:02]} d1=Q# 1-0

[Event "GER-chW Blitz 2019"]
[Site "Magdeburg"]
[Date "2019.05.25"]
[Round "14.2"]
[White "Kreismann, Franziska"]
[Black "Gheng, Simona"]
[Result "1/2-1/2"]
[WhiteElo "1589"]
[BlackElo "1991"]
[Annotator "NA"]
[PlyCount "64"]
[EventDate "2019.05.25"]
[EventType "tourn"]
[EventCountry "GER"]
[SourceTitle "playchess.com"]
[Source "ChessBase"]
[SourceQuality "1"]
[TimeControl "180+2"]

1. d4 {[%emt 0:00:00]} d5 {[%emt 0:00:00]} 2. c4 {[%emt 0:00:00]} e6 {[%emt 0:00:00]} 3. Nc3 {[%emt 0:00:01]} Nf6 {[%emt 0:00:00]} 4. Nf3 {[%emt 0:00:01]} b6 {[%emt 0:00:07]} 5. Bg5 {[%emt 0:00:01]} Be7 {[%emt 0:00:01]} 6. e3 {[%emt 0:00:01]} Bb7 {[%emt 0:00:01]} 7. Bd3 {[%emt 0:00:02]} O-O {[%emt 0:00:02]} 8. cxd5 {[%emt 0:00:02]} exd5 {[%emt 0:00:01]} 9. O-O {[%emt 0:00:02]} h6 {[%emt 0:00:01]} 10. Bxf6 {[%emt 0:00:02]} Bxf6 {[%emt 0:00:02]} 11. Re1 {[%emt 0:00:03]} Nd7 {[%emt 0:00:06]} 12. Bc2 {[%emt 0:00:05]} Rc8 {[%emt 0:00:06]} 13. Qd3 {[%emt 0:00:01]} g6 {[%emt 0:00:03]} 14. g3 {[%emt 0:00:31]} Bg7 {[%emt 0:00:02]} 15. h4 {[%emt 0:00:00]} Nf6 {[%emt 0:00:12]} 16. Nh2 {[%emt 0:00:06]} c5 {[%emt 0:00:13]} 17. dxc5 {[%emt 0:00:08]} bxc5 {[%emt 0:00:02]} 18. Rad1 {[%emt 0:00:16]} c4 {[%emt 0:00:10]} 19. Qe2 {[%emt 0:00:11]} Qb6 {[%emt 0:00:09]} 20. Bb1 {[%emt 0:00:23]} Rfd8 {[%emt 0:00:08]} 21. Nf3 {[%emt 0:00:06]} Ne4 {[%emt 0:00:09]} 22. Nxe4 {[%emt 0:00:26]} dxe4 {[%emt 0:00:01]} 23. Rxd8+ {[%emt 0:00:01]} Rxd8 {[%emt 0:00:16]} 24. Nd4 {[%emt 0:00:13]} Bxd4 {[%emt 0:00:08]} 25. exd4 {[%emt 0:00:01]} Qxd4 {[%emt 0:00:04]} 26. Bxe4 {[%emt 0:00:12]} Bxe4 {[%emt 0:00:13]} 27. Qxe4 {[%emt 0:00:01]} Qxb2 {[%emt 0:00:07]} 28. Qxc4 {[%emt 0:00:10]} Qd2 {[%emt 0:00:05]} 29. Re2 {[%emt 0:00:08]} Qd1+ {[%emt 0:00:03]} 30. Kg2 {[%emt 0:00:02]} Qd5+ {[%emt 0:00:01]} 31. Qxd5 {[%emt 0:00:05]} Rxd5 {[%emt 0:00:01]} 32. Re8+ {[%emt 0:00:02]} Kg7 {[%emt 0:00:00]} 1/2-1/2